5 Biggest Cities in Germany - Statistics

General Stats
  • This quiz has been taken 20 times
  • The average score is 5 of 5
Answer Stats
Population City % Correct
3,677,472 Berlin
100%
1,487,708 Munich
100%
1,073,096 Cologne
85%
1,906,411 Hamburg
85%
759,224 Frankfurt
80%
No matching quizzes found
Score Distribution
Percent of People with Each Score
Percentile by Number Answered
Your Score History
You have not taken this quiz